[Event "Stuttgart-chA int"]
[Site "Ditzingen"]
[Date "2018.05.12"]
[Round "6"]
[White "Koch, Martin"]
[Black "Jaster, Dirk"]
[Result "1/2-1/2"]
[WhiteElo "2056"]
[BlackElo "1849"]
[PlyCount "95"]
[EventDate "2018.05.10"]
[EventType "swiss"]
[EventRounds "7"]
[EventCountry "GER"]
[SourceTitle "EXT 2020"]
[Source "ChessBase"]
[SourceDate "2019.10.17"]
[SourceVersion "1"]
[SourceVersionDate "2019.10.17"]
[SourceQuality "1"]

1. d4 Nf6 2. Nf3 e6 3. Bf4 d5 4. e3 Be7 5. Bd3 b6 6. h3 Bb7 7. 0-0 c5 8. c3 Nc6 9. Nbd2 Rc8 10. Re1 cxd4 11. exd4 Na5 12. Ne5 Nd7 13. Qg4 Nxe5 14. dxe5 g5 15. Be3 Nc6 16. Nf3 h5 17. Qa4 Kf8 18. Bd4 Rg8 19. Nh2 g4 20. hxg4 hxg4 21. g3 Nxd4 22. cxd4 Bc6 23. Qd1 Bb4 24. Re3 Qg5 25. Be2 Rh8 26. Nxg4 Qh5 27. Bf3 Ke7 28. Rc1 Kd8 29. a3 Be7 30. Rec3 Bc5 31. dxc5 b5 32. Qd4 Kc7 33. b4 Rcg8 34. Kf1 Rxg4 35. Qxg4 Qxg4 36. Bxg4 d4 37. Ke2 dxc3 38. Rxc3 Bd5 39. Bf3 Bc4+ 40. Ke3 Rg8 41. g4 Rh8 42. Rc1 Rd8 43. Rd1 Rh8 44. Kf4 Rh3 45. Rh1 Rxf3+ 46. Kxf3 Bd5+ 47. Ke3 Bxh1 48. f4 1/2-1/2

[Event "Stuttgart-chA int"]
[Site "Ditzingen"]
[Date "2018.05.10"]
[Round "1"]
[White "Narr, Kevin"]
[Black "Jaster, Dirk"]
[Result "0-1"]
[WhiteElo "2089"]
[BlackElo "1849"]
[PlyCount "74"]
[EventDate "2018.05.10"]
[EventType "swiss"]
[EventRounds "7"]
[EventCountry "GER"]
[SourceTitle "EXT 2020"]
[Source "ChessBase"]
[SourceDate "2019.10.17"]
[SourceVersion "1"]
[SourceVersionDate "2019.10.17"]
[SourceQuality "1"]

1. d4 Nf6 2. Nf3 e6 3. Bf4 d5 4. e3 Be7 5. Ne5 c6 6. c3 b6 7. Nd2 Bb7 8. Bd3 Nbd7 9. Qe2 Qc8 10. Rd1 a5 11. h4 h5 12. Ndf3 Ne4 13. Ng5 Nxe5 14. Bxe5 Nf6 15. Qf3 Ba6 16. Bb1 Qd7 17. Nh3 0-0-0 18. Nf4 Rh6 19. g3 Rf8 20. Bxf6 gxf6 21. Nxh5 f5 22. Nf4 Bd6 23. Bd3 Bxd3 24. Nxd3 f6 25. Rc1 e5 26. Qd1 f4 27. gxf4 e4 28. Qb3 Qc7 29. c4 exd3 30. cxd5 c5 31. Qxd3 Kb7 32. dxc5 Bxc5 33. Ke2 f5 34. a3 Qe7 35. Rcg1 Bd6 36. Qc3 Qc7 37. Rg7 Rf7 0-1

[Event "Wuerttemberg-ch KT"]
[Site "Stuttgart"]
[Date "2017.09.01"]
[Round "7"]
[White "Boldt, Dietmar"]
[Black "Jaster, Dirk"]
[Result "0-1"]
[WhiteElo "1787"]
[BlackElo "1835"]
[PlyCount "104"]
[EventDate "2017.08.26"]
[EventType "swiss"]
[EventRounds "7"]
[EventCountry "GER"]
[SourceTitle "EXT 2019"]
[Source "ChessBase"]
[SourceDate "2018.10.10"]
[SourceVersion "1"]
[SourceVersionDate "2018.10.10"]
[SourceQuality "1"]

1. d4 e6 2. Nf3 Nf6 3. g3 b6 4. Bg2 Bb7 5. 0-0 d5 6. c4 Be7 7. cxd5 exd5 8. Nc3 0-0 9. Qc2 Ne4 10. Bf4 Bd6 11. Bxd6 Nxd6 12. Ne5 f6 13. Nd3 c6 14. Nf4 Re8 15. Bh3 Bc8 16. Rac1 Bxh3 17. Nxh3 a5 18. Qb3 Ra7 19. Nf4 Kh8 20. e3 Rb7 21. Qd1 g6 22. Qf3 Nc4 23. Qe2 Rbe7 24. b3 Nd6 25. Rc2 Nf5 26. Qg4 Rg7 27. Ng2 Nh6 28. Qf3 Nf7 29. Qe2 Qd7 30. Rfc1 Ng5 31. Na4 Qd8 32. Ne1 Ne6 33. Qd3 Ng5 34. a3 Rge7 35. b4 b5 36. Nc5 a4 37. Qf1 Nf7 38. Ned3 Nd6 39. Qh3 Nc4 40. Ra1 Nd7 41. Nxd7 Rxd7 42. Nb2 Rde7 43. Nxc4 dxc4 44. Qg2 Re4 45. Qf3 Qd6 46. Rd1 h5 47. Rcd2 Qd5 48. Qxf6+ Kh7 49. Rc1 R8e7 50. Qf8 h4 51. Qf3 h3 52. g4 Rxe3 0-1

[Event "Wuerttemberg-ch KT"]
[Site "Stuttgart"]
[Date "2017.08.27"]
[Round "2"]
[White "Jaster, Dirk"]
[Black "Scholl, Martin"]
[Result "0-1"]
[WhiteElo "1835"]
[BlackElo "2030"]
[PlyCount "158"]
[EventDate "2017.08.26"]
[EventType "swiss"]
[EventRounds "7"]
[EventCountry "GER"]
[SourceTitle "EXT 2019"]
[Source "ChessBase"]
[SourceDate "2018.10.10"]
[SourceVersion "1"]
[SourceVersionDate "2018.10.10"]
[SourceQuality "1"]

1. c4 b6 2. d4 Bb7 3. Nc3 e6 4. e4 Bb4 5. Bd3 f5 6. Qh5+ g6 7. Qe2 Nf6 8. Bg5 h6 9. Bxf6 Qxf6 10. Nf3 fxe4 11. Bxe4 Bxe4 12. Qxe4 Bxc3+ 13. bxc3 Nc6 14. 0-0 0-0 15. Ne5 Nxe5 16. dxe5 Qf5 17. Qe3 Kg7 18. Rad1 Rf7 19. Rd2 Rd8 20. Rfd1 d5 21. f3 c6 22. a4 Qf4 23. Qe2 Rf5 24. cxd5 Rxe5 25. Qa6 Qe3+ 26. Kf1 exd5 27. Qb7+ Re7 28. Qxc6 Qf4 29. Rxd5 Rxd5 30. Qxd5 Qxa4 31. c4 Qc2 32. Rd2 Qc1+ 33. Rd1 Qe3 34. h3 a5 35. Qd2 Qxd2 36. Rxd2 Rc7 37. Rd6 Rb7 38. Ke2 a4 39. Kd2 a3 40. Kc3 Ra7 41. Rd1 Kf6 42. Ra1 Ke5 43. g3 a2 44. Re1+ Kd6 45. Ra1 Ra3+ 46. Kd4 Kc6 47. h4 Rxf3 48. Rxa2 Rxg3 49. Rf2 Rg4+ 50. Kc3 Kc5 51. Rf6 Rxc4+ 52. Kb3 Rg4 53. h5 Rg3+ 54. Kc2 gxh5 55. Rxh6 Rg5 56. Rh8 Kd4 57. Rd8+ Ke4 58. Re8+ Kf3 59. Kd2 h4 60. Re3+ Kf4 61. Rb3 b5 62. Ke2 Rc5 63. Rb4+ Kg3 64. Rb3+ Kg2 65. Rb4 Re5+ 66. Kd3 Rh5 67. Ke3 Kg3 68. Rb1 Re5+ 69. Kd4 Rf5 70. Rb3+ Kg4 71. Rb1 h3 72. Rg1+ Kh4 73. Ke4 h2 74. Rh1 Rf2 75. Ke3 Kg3 76. Rb1 Rf3+ 77. Ke2 Kg2 78. Rxb5 h1Q 79. Rg5+ Rg3 0-1

[Event "Wuerttemberg-ch KT"]
[Site "Stuttgart"]
[Date "2017.08.27"]
[Round "3"]
[White "Meinhardt, Alexander"]
[Black "Jaster, Dirk"]
[Result "1-0"]
[WhiteElo "1624"]
[BlackElo "1835"]
[PlyCount "109"]
[EventDate "2017.08.26"]
[EventType "swiss"]
[EventRounds "7"]
[EventCountry "GER"]
[SourceTitle "EXT 2019"]
[Source "ChessBase"]
[SourceDate "2018.10.10"]
[SourceVersion "1"]
[SourceVersionDate "2018.10.10"]
[SourceQuality "1"]

1. e4 e6 2. Bc4 d5 3. exd5 exd5 4. Bb3 Nf6 5. d4 Be7 6. f4 0-0 7. Nf3 c5 8. c3 cxd4 9. cxd4 Bb4+ 10. Nc3 Re8+ 11. Ne5 Ne4 12. 0-0 Nxc3 13. bxc3 Bxc3 14. Rb1 Bf5 15. Rf3 Bxb1 16. Rxc3 Be4 17. Qh5 Bg6 18. Qg4 h5 19. Qf3 Nc6 20. Nxg6 fxg6 21. Bxd5+ Kh7 22. f5 Qf6 23. fxg6+ Qxg6 24. Bf7 Re1+ 25. Kf2 Re2+ 26. Kf1 Qf6 27. Qxf6 gxf6 28. Kxe2 Nxd4+ 29. Kf2 Nc6 30. Bxh5 Rd8 31. Bf3 Ne5 32. Bxb7 Rd1 33. Be4+ Kg8 34. Bf4 Rd4 35. Bxe5 Rxe4 36. Bxf6 Rf4+ 37. Rf3 Ra4 38. a3 a6 39. Be7 Rc4 40. h3 a5 41. g4 a4 42. Kg3 Kh7 43. h4 Re4 44. Bb4 Re2 45. Kf4 Rc2 46. Kg5 Rc7 47. h5 Kg7 48. h6+ Kh7 49. Kh5 Rd7 50. g5 Rd5 51. Rf7+ Kg8 52. Rg7+ Kh8 53. Bc3 Rd4 54. Rh7+ Kxh7 55. Bxd4 1-0